Campeones de Moto3 y 125cc - Estadísticas

Estadísticas generales
  • Esta prueba ha sido intentada 32 veces
    22 desde el último reinicio
  • La puntuación promedio es 26 de 77
Estadísticas de respuestas
Año Nacionalidad Piloto % Correcto
2024 Colombia David Alonso
90%
2010 España Marc Márquez
90%
2014 España Álex Márquez
85%
2016 Sudafrica Brad Binder
85%
2025 España Jose Antonio Rueda
85%
2003 España Daniel Pedrosa
80%
2021 España Pedro Acosta
80%
1997 Italia Valentino Rossi
80%
2022 España Izan Guevara
75%
1971 España Ángel Nieto
70%
1972 España Ángel Nieto
70%
1979 España Ángel Nieto
70%
1981 España Ángel Nieto
70%
1982 España Ángel Nieto
70%
1983 España Ángel Nieto
70%
1984 España Ángel Nieto
70%
2023 España Jaume Masiá
70%
2017 España Joan Mir
60%
2018 España Jorge Martín
60%
2013 España Maverick Viñales
60%
2020 España Albert Arenas
50%
1989 España Àlex Crivillé
50%
2009 España Julián Simón
50%
2019 Italia Lorenzo Dalla Porta
50%
2011 España Nico Terol
50%
2004 Italia Andrea Dovizioso
40%
2005 Suiza Thomas Luthi
40%
2006 España Álvaro Bautista
35%
2015 Reino Unido Danny Kent
35%
2012 Alemania Sandro Cortese
35%
1999 España Emilio Alzamora
30%
1988 España Jorge Martínez Aspar
30%
1990 Italia Loris Capirossi
30%
1991 Italia Loris Capirossi
30%
2001 San Marino Manuel Poggiali
25%
2008 Francia Mike Di Meglio
25%
2007 Hungria Gábor Talmácsi
20%
1968 Reino Unido Phil Read
20%
1992 Italia Alessandro Gramigni
15%
2002 Francia Arnaud Vincent
15%
1967 Reino Unido Bill Ivy
15%
1951 Italia Carlo Ubbiali
15%
1955 Italia Carlo Ubbiali
15%
1956 Italia Carlo Ubbiali
15%
1958 Italia Carlo Ubbiali
15%
1959 Italia Carlo Ubbiali
15%
1960 Italia Carlo Ubbiali
15%
1993 Alemania Dirk Raudies
15%
1985 Italia Fausto Gresini
15%
1987 Italia Fausto Gresini
15%
1995 Japon Haruchika Aoki
15%
1996 Japon Haruchika Aoki
15%
1994 Japon Kazuto Sakata
15%
1998 Japon Kazuto Sakata
15%
1973 Suecia Kent Andersson
15%
1974 Suecia Kent Andersson
15%
1986 Italia Luca Cadalora
15%
1962 Suiza Luigi Taveri
15%
1964 Suiza Luigi Taveri
15%
1966 Suiza Luigi Taveri
15%
2000 Italia Roberto Locatelli
15%
1950 Italia Bruno Ruffo
10%
1952 Reino Unido Cecil Sandford
10%
1969 Reino Unido Dave Simmonds
10%
1970 Alemania Dieter Braun
10%
1978 Italia Eugenio Lazzarini
10%
1963 Nueva Zelanda Hugh Anderson
10%
1965 Nueva Zelanda Hugh Anderson
10%
1949 Italia Nello Pagani
10%
1975 Italia Paolo Pileri
10%
1976 Italia Pier Paolo Bianchi
10%
1977 Italia Pier Paolo Bianchi
10%
1980 Italia Pier Paolo Bianchi
10%
1954 Austria Rupert Hollaus
10%
1957 Italia Tarquinio Provini
10%
1961 Australia Tom Phillis
10%
1953 Alemania Werner Haas
10%
No se encontraron pruebas coincidentes
Distribución de puntuación
Porcentaje de gente con cada puntuación
Porcentaje por número respondido
Historial de tus puntuaciones
No has intentado esta prueba desde el último reinicio